Statistics for Name of disney hero

Click here to take the quiz!

General Stats

  • This quiz has been taken 36 times
  • The average score is 4 of 6

Answer Stats

HintAnswer% Correct
Have hammerThor
96%
Have a shieldCaptain America
89%
Look like spiderSpider Man
75%
Have a golden hatIron Man
43%
Have robesSuper Man
29%
Have wingsBat Man
25%

Score Distribution

Percentile by Number Answered

Percent of People with Each Score

Your Score History

You have not taken this quiz